000
00456nam a2200145Ia 4500
008
100122s9999 xx 000 0 und d
082
_b
29100
_a
920
100
_a
ढोले द कृ
245
_a
सैनिकाची बखर
260
_b
चिंतामणी साहित्य सहयोग
_c
1905
300
_a
102
630
_a
सैनिकाची बखर
730
_a
सैनिकाची बखर
942
_c
BOOK
999
_c
414560
_d
414557